000 00218nam a2200097Ia 4500
008 190216s9999||||xx |||||||||||||| ||und||
100 _aThomas K K
245 0 _aMalayalam-Thapass
260 _bCurrent Books
942 _cBK
999 _c30329
_d30329